Statistics for Top 10 New York Yankees of All-Time

Click here to take the quiz!

General Stats

  • This quiz has been taken 7,699 times
  • The average score is 7 of 10

Answer Stats

WARYearsPositionPlayer% Correct
142.71920-1934OFBabe Ruth
98%
71.81995-2014SSDerek Jeter
91%
54.22005-2013, 2015-20163BAlex Rodriguez
85%
109.71951-1968OFMickey Mantle
80%
112.41923-19391BLou Gehrig
78%
78.11936-1942, 1946-1951OFJoe DiMaggio
75%
59.61946-1963CYogi Berra
74%
56.61995-2013PMariano Rivera
71%
53.91950, 1953-1967PWhitey Ford
43%
55.81928-1943, 1946CBill Dickey
23%

Score Distribution

Percentile by Number Answered

Percent of People with Each Score

Your Score History

You have not taken this quiz